Statistics for Try to know the phone companies

Click here to take the quiz!

General Stats

  • This quiz has been taken 8 times
  • The average score is 5 of 15

Answer Stats

CountryAnswer% Correct
UsaApple
100%
South koreaSamsung
100%
FinlandNokia
63%
ChinaHuawei
50%
ChinaOppo
50%
ChinaOne plus
38%
ChinaXiaomi
38%
South koreaLg
25%
FranceAlcatel
13%
TaiwanAsus
13%
ChinaVivo
13%
JapanMitsubishi
0%
JapanNec
0%
JapanPanasonic
0%
JapanSony ericsson
0%

Score Distribution

Percentile by Number Answered

Percent of People with Each Score

Your Score History

You have not taken this quiz